[Event "SVK-chT"]
[Site "?"]
[Date "1994.??.??"]
[Round "13"]
[White "Franzen, Josef"]
[Black "Valent, Ivan"]
[Result "1-0"]
[WhiteElo "2310"]
[BlackElo "2200"]

1.e4 c5 2.Nf3 Nc6 3.Bb5 g6 4.O-O Bg7 5.Re1 Nf6 6.c3 O-O 7.d4 Qb6 8.Bc4 d6
9.h3 Nd7 10.d5 Nce5 11.Bf1 Nxf3+ 12.Qxf3 f5 13.exf5 Ne5 14.Qg3 Bxf5 15.Nd2 Rf7
16.Nc4 Nxc4 17.Bxc4 Raf8 18.Re2 Qa5 19.Bg5 b5 20.Bd3 Be5 21.Rxe5 dxe5 22.Bxf5 Rxf5
23.Bxe7 Rd8 24.b4 Qc7 25.Bxd8 Qxd8 26.Rd1 cxb4 27.cxb4 Qd6 28.Qc3 e4 29.Qd4 Rf7
30.Qxe4 Rf4 31.Qe8+ Kg7 32.a3 Qf6 33.Qe3 a6 34.d6 Rf5 35.Qa7+ Kh6 36.d7 Qd8  1-0

[Event "SWE-chT 9394"]
[Site "SWE"]
[Date "1994.??.??"]
[Round "7"]
[White "Hall, Jesper"]
[Black "Schneider, Lars Ake"]
[Result "0-1"]
[WhiteElo "2450"]
[BlackElo "2455"]

1.e4 c5 2.Nf3 Nc6 3.Bb5 e6 4.Bxc6 bxc6 5.O-O d5 6.d3 Ne7 7.Bg5 f6 8.Bh4 Ng6
9.Bg3 Be7 10.Nbd2 O-O 11.h4 e5 12.h5 Nh8 13.Nh4 Nf7 14.b3 Nh6 15.f4 dxe4
16.dxe4 f5 17.Nxf5 Bxf5 18.exf5 Nxf5 19.Ne4 Ne3 20.Qxd8 Raxd8 21.Rf3 Nxc2
22.Raf1 Nd4 23.Re3 Nf5 24.Re2 Nxg3 25.Nxg3 exf4 26.Rxe7 fxg3 27.Rxa7 Rd5
28.Rc7 Rxh5 29.Rxf8+ Kxf8 30.a4 c4 31.bxc4 Rc5 32.Kf1 Rxc4 33.a5 Ra4 34.Rxc6 Rxa5
35.Ke2 Rf5 36.Ke3 Rf2 37.Rc8+ Kf7 38.Rc7+ Kg6 39.Rc6+ Kh5 40.Rc7 Kh6 41.Rc4 g5
42.Rc1 Rxg2 43.Kf3 Ra2 44.Kxg3 Ra6 45.Rc8 Kg6 46.Rg8+ Kh5 47.Rb8 Ra3+ 48.Kg2 Kh4
49.Rb1 Ra2+ 50.Kf3 g4+ 51.Ke3 h5 52.Rb5 g3 53.Kf3 Rf2+ 54.Ke3 Rf1  0-1

[Event "SWE-chT 9394"]
[Site "SWE"]
[Date "1994.??.??"]
[Round "9"]
[White "Wessman, Richard"]
[Black "Hall, Jesper"]
[Result "1-0"]
[WhiteElo "2435"]
[BlackElo "2450"]

1.e4 c5 2.Nf3 Nc6 3.Bb5 g6 4.O-O Bg7 5.c3 Nf6 6.Re1 O-O 7.h3 Qb6 8.Bc4 d6
9.a4 Nd7 10.Na3 Nde5 11.Nxe5 Nxe5 12.Bf1 Be6 13.a5 Qxa5 14.d4 cxd4 15.cxd4 Bb3
16.Qxb3 Qxe1 17.dxe5 Bxe5 18.Qd3 Qb4 19.Nc4 Bg7 20.Bg5 Rfe8 21.Ne3 Qxb2 22.Rb1 Qe5
23.Rb5 Qd4 24.Nd5 Qxd3 25.Bxd3 b6 26.Bxe7 Rac8 27.Bxd6 Rc1+ 28.Kh2 Bd4 29.Rb4 Be5+
30.Bxe5 Rxe5 31.f4 Re6 32.e5 Kg7 33.Be4 a5 34.Rd4 b5 35.Nf6 a4 36.Rd8 Rxf6
37.exf6+ Kxf6 38.Ra8 Rc3 39.Ra6+ Kg7 40.Bc6 Rb3 41.Ra5 a3 42.Bxb5 Rb4 43.f5 Kf6
44.Bd3 Rd4 45.Ra6+ Kg5 46.Rxa3 gxf5 47.Bb1 Rd5 48.Ra7  1-0

[Event "SWZ-chT"]
[Site "SWZ"]
[Date "1994.??.??"]
[Round "1"]
[White "Georg, Michel"]
[Black "Moser, Guenter"]
[Result "1-0"]
[WhiteElo "2170"]
[BlackElo "1990"]

1.e4 c5 2.Nf3 Nc6 3.Bb5 g6 4.O-O Bg7 5.c3 Nf6 6.Re1 O-O 7.d4 cxd4 8.cxd4 d5
9.e5 Ne4 10.Nbd2 Nxd2 11.Bxd2 Bg4 12.Bxc6 bxc6 13.Bb4 Re8 14.Bc5 Bh6 15.h3 Bxf3
16.Qxf3 e6 17.b4 a5 18.Reb1 axb4 19.Rxb4 Bf8 20.Rb7 f5 21.exf6  1-0

[Event "SWZ-chT"]
[Site "SWZ"]
[Date "1994.??.??"]
[Round "1"]
[White "Bichsel, Walter"]
[Black "Adler, Joel"]
[Result "0-1"]
[WhiteElo "2325"]
[BlackElo "2320"]

1.e4 c5 2.Nf3 Nc6 3.Bb5 g6 4.O-O Bg7 5.Re1 Nf6 6.e5 Nd5 7.Nc3 Nc7 8.Bxc6 dxc6
9.d3 Bg4 10.Ne4 Ne6 11.Neg5 Nxg5 12.Bxg5 Qd5 13.Re4 Bf5 14.Re3 Bg4 15.c4 Qd7
16.h3 Be6 17.Nd2 O-O 18.Qf3 h6 19.Bf4 Rad8 20.Nb3 b6 21.a4 a5 22.Rae1 Bf5
23.g4 Be6 24.Bg3 h5 25.gxh5 Bxh3 26.Bf4 Qg4+ 27.Qxg4 Bxg4 28.h6 Bh8 29.e6 Bxe6
30.Bc7 Rd7 31.Bxb6 Rb7 32.Nxc5 Rxb6 33.Nxe6 fxe6 34.Rxe6 Bf6 35.c5 Ra6 36.R1e4 Kf7
37.Re2 Rd8 38.h7 Kg7 39.R2e4 Rxd3 40.b4 axb4 41.Rxb4  0-1

[Event "SWZ-chT"]
[Site "SWZ"]
[Date "1994.??.??"]
[Round "4"]
[White "Montoro, A."]
[Black "Gerber, Richard"]
[Result "0-1"]
[WhiteElo "2110"]
[BlackElo "2325"]

1.e4 c5 2.Nf3 Nc6 3.Bb5 g6 4.O-O Bg7 5.Bxc6 dxc6 6.Re1 Nf6 7.Nc3 O-O 8.d3 Ne8
9.Be3 b6 10.h3 Nc7 11.Qd2 Ne6 12.Bh6 Nd4 13.Nxd4 cxd4 14.Bxg7 Kxg7 15.Ne2 c5
16.f4 Bb7 17.Ng3 Qc7 18.Qf2 Rae8 19.f5 f6 20.Ne2 e5 21.g4 Rf7 22.Ng3 Kf8
23.Qd2 Ke7 24.Rf1 Rg8 25.Rf2 Qd6 26.Raf1 Bc8 27.Kh2 g5 28.Kg2 Bd7 29.Kf3 Rc8
30.b3 b5 31.Qa5 Qb6 32.Qa3 Kd8 33.Rb1 Be8 34.Qb2 Qa5 35.Ne2 Rd7 36.Rd1 c4
37.Nc1 h5 38.Kg3 Bf7 39.Rh2 Rdc7 40.h4 gxh4+ 41.Kxh4 Ke7 42.dxc4 bxc4 43.bxc4 Rh8
44.Nb3 Qb4 45.Kg3 Rxc4 46.gxh5 Bxh5 47.a3 Qb7 48.Re1 Rc3+ 49.Kf2 Rf3+ 50.Kg1 Rg8+
51.Kh1 Rf1+  0-1

[Event "SWZ-chT"]
[Site "SWZ"]
[Date "1994.??.??"]
[Round "5"]
[White "Bichsel, Walter"]
[Black "Kelecevic, Nedeljko"]
[Result "1/2-1/2"]
[WhiteElo "2325"]
[BlackElo "2450"]

1.e4 c5 2.Nf3 Nc6 3.Bb5 g6 4.O-O Bg7 5.Re1 e5 6.c3 Nge7 7.d3 O-O 8.Na3 a6
9.Bxc6 Nxc6 10.Nc4 d6 11.a4 b6 12.Be3 Rb8 13.h3 d5 14.exd5 Qxd5 15.a5 bxa5
16.Nxa5 Rd8 17.c4 Qd6 18.Nxc6 Qxc6 19.Qa4 Qxa4 20.Rxa4 Rxb2 21.Bxc5 Rb3 22.Kh2 Rbxd3
23.Nxe5 Rd1 24.Re3 Bb7 25.Nxf7 Rc8 26.Nd6 Rxc5 27.Nxb7 Rc7 28.Rb4 Rd2 29.Rf3 Bd4
30.c5 Rxf2 31.Rxd4 Rxf3 32.gxf3 Rxb7 33.Rd6 Rc7 34.Rxa6 Rxc5 35.Ra7  1/2-1/2

[Event "SWZ-chT"]
[Site "SWZ"]
[Date "1994.??.??"]
[Round "5"]
[White "Vulevic, Vjekoslav"]
[Black "Schoch, Heinz"]
[Result "1-0"]
[WhiteElo "2315"]
[BlackElo "2100"]

1.e4 c5 2.Nf3 Nc6 3.Bb5 g6 4.O-O Bg7 5.c3 e5 6.Re1 Nge7 7.a4 O-O 8.Na3 d6
9.h3 a6 10.Bc4 b6 11.Nc2 Na5 12.Ba2 Bb7 13.b4 cxb4 14.cxb4 Nac6 15.Bb2 b5
16.Bb3 d5 17.axb5 axb5 18.Rxa8 Bxa8 19.d4 dxe4 20.Nxe5 Nxe5 21.dxe5 Qc7 22.Qa1 Bd5
23.Nd4 Bxb3 24.Nxb3 Qc4 25.Nd2 Qxb4 26.Nxe4 Qc4 27.e6 Bxb2 28.Qxb2 fxe6 29.Nf6+ Kf7
30.Nd7 Ke8 31.Nxf8 Kxf8 32.Qf6+ Ke8 33.Rxe6 Qc1+ 34.Kh2 Qc5 35.Re5 Qc7 36.f4 b4
37.Qh8+ Kd7 38.Qxh7 Kd6 39.Qf7 Qb7 40.Qe6+  1-0

[Event "Wch U18"]
[Site "Szeged"]
[Date "1994.??.??"]
[Round "1"]
[White "Bonaveri, Agustin"]
[Black "Sutovskij, Emil"]
[Result "1/2-1/2"]
[WhiteElo "2160"]
[BlackElo "2470"]

1.e4 c5 2.Nf3 Nc6 3.Bb5 g6 4.Bxc6 dxc6 5.O-O Bg7 6.Re1 Nf6 7.d3 Nd7 8.a4 Nf8
9.Na3 Bg4 10.h3 Bxf3 11.Qxf3 e5 12.Nc4 Ne6 13.Be3 O-O 14.Qg3 Qc7 15.Qh4 b5
16.Nd2 Nd4 17.Bxd4 cxd4 18.Rf1 Qd6 19.b3 Qb4 20.Nf3 Qc3 21.Rfc1 f6 22.Ne1 h5
23.Qg3 Kh7 24.Qf3 a6 25.h4 Rf7 26.Rd1 Bh6 27.Qe2 Raa7 28.g3 c5 29.Qf3 Kg7
30.g4 hxg4 31.Qxg4 Kh7 32.axb5 axb5 33.Rxa7 Rxa7 34.Qe6 Bd2 35.Nf3 Bf4 36.Ne1 Kg7
37.Kg2 Qa5 38.Nf3 Qd8 39.Rh1 Qd7 40.Qxd7+ Rxd7 41.Ra1 Rc7 42.Ra5 Rb7 43.Ra8 c4
44.bxc4 bxc4 45.dxc4 Rb2 46.Ne1 Bd2 47.Nf3 Bc3 48.Ra7+ Kh6  1/2-1/2

[Event "Wch U16 Girls"]
[Site "Szeged"]
[Date "1994.??.??"]
[Round "3"]
[White "Lakos, Nikoletta"]
[Black "Zielinska, Marta"]
[Result "1-0"]
[WhiteElo "2260"]
[BlackElo "2170"]

1.e4 c5 2.Nf3 Nc6 3.Bb5 e6 4.b3 Nd4 5.Nxd4 cxd4 6.Bb2 Qg5 7.Be2 Bc5 8.O-O e5
9.c3 Ne7 10.cxd4 exd4 11.d3 Nc6 12.f4 Qe7 13.Nd2 Rb8 14.a3 b5 15.e5 O-O 16.Ne4 Bb6
17.Bf3 Bb7 18.Kh1 Bc7 19.Rc1 Rfd8 20.Ng3 Bb6 21.Nf5 Qe6 22.Bg4 h5 23.Bh3 Ne7
24.Nxe7+ Qxe7 25.Qxh5 Rbc8 26.Qg4 Bd5 27.b4 Rxc1 28.Rxc1 d6 29.Qe2 Qh4 30.Bg4 dxe5
31.fxe5 Qg5 32.h3 Re8 33.Re1 f5 34.Bf3 Be6 35.Bc6 Rc8 36.Bxb5 f4 37.Bc4 Bxc4
38.dxc4 Rd8 39.Qd3 Qe7 40.c5 Bc7 41.Bxd4 f3 42.Qc4+ Kh8 43.Re4 fxg2+ 44.Kg1 Qg5
45.Rg4 Qh5 46.e6 Be5 47.e7 Bxd4+ 48.Rxd4 Rxd4 49.Qxd4 Qf7 50.Qh4+ Kg8 51.Qe1  1-0

[Event "Wch U18"]
[Site "Szeged"]
[Date "1994.??.??"]
[Round "4"]
[White "Dzhumaev, Murat"]
[Black "Waitzkin, Joshua"]
[Result "1-0"]
[WhiteElo "2370"]
[BlackElo "2430"]

1.e4 c5 2.Nf3 Nc6 3.Bb5 e6 4.O-O Nge7 5.c3 a6 6.Ba4 b5 7.Bc2 Bb7 8.Re1 Ng6
9.d4 cxd4 10.cxd4 Nb4 11.Bb3 d5 12.e5 Be7 13.Nc3 O-O 14.Be3 Nc6 15.a4 b4
16.Ne2 Na5 17.Bc2 Nc4 18.Bc1 Qc7 19.Ng3 Rfc8 20.Bd3 b3 21.h4 Nf8 22.h5 f5
23.exf6 Bxf6 24.Qxb3 Rab8 25.Qd1 Bc6 26.b3 Na5 27.Bxa6 Re8 28.Re3 Qb6 29.Bb5 Bxb5
30.axb5 Qxb5 31.Ba3 Nc6 32.Rc1 Nd7 33.Bd6 Rbc8 34.Ne2 Qb6 35.Rec3 Na7 36.Rxc8 Nxc8
37.Bc5 Qb8 38.b4 Ncb6 39.Ra1 e5 40.dxe5 Nxe5 41.Ra6 Nbd7 42.Qxd5+ Kh8 43.Nxe5 Nxe5
44.Re6 Rd8 45.Bd6 Qa7 46.Bxe5 Qf7 47.Bd6 Be7 48.Qe5  1-0

[Event "Wch U16"]
[Site "Szeged"]
[Date "1994.??.??"]
[Round "6"]
[White "Krakops, Maris"]
[Black "Naumann, Alexander"]
[Result "1/2-1/2"]
[WhiteElo "2385"]
[BlackElo "2205"]

1.e4 c5 2.Nf3 Nc6 3.Bb5 e6 4.O-O Nge7 5.b3 Ng6 6.Bb2 f6 7.Re1 a6 8.Bf1 Be7
9.d4 cxd4 10.Nxd4 O-O 11.a4 Qc7 12.Na3 b6 13.g3 Bb7 14.Bg2 Nxd4 15.Bxd4 Bc6
16.Qe2 Rfb8 17.c3  1/2-1/2

[Event "Wch U18 Girls"]
[Site "Szeged"]
[Date "1994.??.??"]
[Round "8"]
[White "Xu Yuhua"]
[Black "Grabics, Monika"]
[Result "0-1"]
[WhiteElo "2195"]
[BlackElo "2295"]

1.e4 c5 2.Nf3 Nc6 3.Bb5 Qb6 4.Nc3 e6 5.O-O Nge7 6.Re1 a6 7.Bf1 Ng6 8.b3 Be7
9.Bb2 O-O 10.g3 Rd8 11.e5 Qc7 12.Ne4 Ngxe5 13.Nxe5 Nxe5 14.Nxc5 Ng6 15.Nd3 b5
16.Bg2 Bb7 17.h4 Bxg2 18.Kxg2 Rac8 19.h5 Nf8 20.Qg4 Qc6+ 21.Kh2 f6 22.Rac1 e5
23.Nf4 Re8 24.Ng2 Qe6 25.Qf3 Qc6 26.Qg4 Qe6 27.Qf3 Qc6 28.Qd3 Ne6 29.Nh4 Qd6
30.Qe2 Ng5 31.Qg4 Qxd2 32.Re2 Qb4 33.Qxd7 Rcd8 34.Qf5 Rd2 35.Rce1 Qd6 36.c4 Rxe2
37.Rxe2 bxc4 38.bxc4 Qd1 39.Qc2 Qf1 40.Rd2 e4 41.Qb3 Bc5  0-1

[Event "Szekszard op"]
[Site "Szekszard"]
[Date "1994.??.??"]
[Round "8"]
[White "Zetocha, Claudiu"]
[Black "Czebe, Attila"]
[Result "1/2-1/2"]
[WhiteElo "2320"]
[BlackElo "2430"]

1.e4 c5 2.Nf3 Nc6 3.Bb5 e6 4.O-O Qb6 5.Ba4 g6 6.Re1 Bg7 7.c3 Nge7 8.d3 O-O
9.Nbd2 Qc7 10.Nf1 e5 11.Be3 d6 12.h3 Rb8 13.Bxc6 Nxc6 14.Qd2 Be6 15.d4 d5
16.exd5 Bxd5 17.Nxe5 Nxe5 18.dxe5 Rbd8 19.Bg5 Rd7 20.Qe3 Re8 21.Bf4 Rde7
22.Qd2 Qc6 23.Ne3 Be4 24.Rad1 Bxe5 25.Bxe5 Rxe5 26.Ng4 R5e6 27.f3 Bf5 28.Nh6+ Kg7
29.Nxf5+ gxf5 30.Rxe6 Qxe6 31.a3 b6  1/2-1/2

[Event "ISR-ch"]
[Site "Tel Aviv"]
[Date "1994.??.??"]
[Round "9"]
[White "Boim, Inon"]
[Black "Lederer, Yoav"]
[Result "1/2-1/2"]
[WhiteElo "2365"]
[BlackElo "2250"]

1.e4 c5 2.Nf3 Nc6 3.Bb5 e6 4.O-O Nge7 5.Nc3 a6 6.Bxc6 Nxc6 7.d4 cxd4 8.Nxd4 Qc7
9.Kh1 Be7 10.f4 O-O 11.Nf3 b5 12.f5 Bb7 13.Ng5 Bxg5 14.Bxg5 f6 15.Bf4 e5
16.Nd5 Qd6 17.Be3 Nb4 18.Nb6 Qc6 19.Rf2 Rad8 20.a3 d5 21.axb4 d4 22.Nd5 dxe3
23.Ne7+ Kf7 24.Qxd8 Qc4 25.Qd7 exf2 26.h4 Bxe4 27.Kh2 Ba8 28.Kg3 h5 29.Kxf2 Qxc2+
30.Ke1 Qe4+ 31.Kd1 Qg4+ 32.Kc2 Qc4+ 33.Kd1 Qf1+ 34.Kc2 Be4+ 35.Kd2 Qf2+ 36.Kd1 Qf1+
37.Kd2 Qf2+ 38.Kd1 Qf1+ 39.Kd2 Qf2+ 40.Kd1  1/2-1/2

[Event "ISR-ch"]
[Site "Tel Aviv"]
[Date "1994.??.??"]
[Round "9"]
[White "Zak, Uriel"]
[Black "Kundin, Alexander"]
[Result "0-1"]
[WhiteElo "2370"]
[BlackElo "2295"]

1.e4 c5 2.Nf3 Nc6 3.Bb5 e6 4.O-O Nge7 5.b3 a6 6.Bxc6 Nxc6 7.Bb2 b5 8.d4 cxd4
9.Nxd4 Qf6 10.Qd2 Be7 11.Rd1 Nxd4 12.Bxd4 Qg6 13.f3 O-O 14.Nc3 Bb7 15.Be5 d6
16.Bxd6 Rad8 17.Qf4 Rxd6 18.Rxd6 e5 19.Rxg6 exf4 20.Rg4 g5 21.Rd1 f6 22.Rd7 Rf7
23.Kf1 Bb4 24.Rxb7 Bxc3 25.Rb8+ Kg7 26.Rc8 b4 27.Rc5 Kg6 28.h4 h5 29.Rgxg5+ fxg5
30.Rxg5+ Kh6 31.Rd5 Rf6 32.Ke2 Rc6 33.Rf5 Rd6 34.Rd5 Rxd5 35.exd5 Kg6 36.d6 Kf6
37.Kd3 Ke6 38.Ke4 Bd2 39.d7 Kxd7 40.Kf5 Kd6 41.Kg5 Ke6 42.Kxh5 Kf5 43.Kh6 Kf6
44.Kh5 Kf5 45.Kh6 Be1 46.h5 Kf6  0-1

[Event "Tilburg blitz"]
[Site "Tilburg"]
[Date "1994.??.??"]
[Round "1"]
[White "Damljanovic, Branko"]
[Black "Gulko, Boris F"]
[Result "1-0"]
[WhiteElo "2505"]
[BlackElo "2590"]

1.Nf3 c5 2.e4 Nc6 3.Bb5 e6 4.O-O Nge7 5.Re1 a6 6.Bxc6 Nxc6 7.d4 cxd4 8.Nxd4 d6
9.Nc3 Be7 10.Nxc6 bxc6 11.Qg4 O-O 12.Bh6 Bf6 13.e5 dxe5 14.Ne4 Kh8 15.Rad1 Qe7
16.Be3 Rg8 17.Bc5 Qc7 18.Bd6 Qb6 19.Qf3 Bd8 20.Qxf7 Ra7 21.Qh5 Rd7 22.Rd3 Bc7
23.Ng5 g6 24.Bxe5+ Bxe5 25.Rxd7 Rg7 26.Nf7+ Rxf7 27.Qxe5+ Kg8 28.Rxf7 Kxf7
29.Re3 Kg8 30.h4 c5 31.h5 Qd8 32.hxg6 hxg6 33.Rh3  1-0

[Event "Tilburg blitz"]
[Site "Tilburg"]
[Date "1994.??.??"]
[Round "1"]
[White "Glek, Igor V"]
[Black "Van der Wiel, John TH"]
[Result "1-0"]
[WhiteElo "2615"]
[BlackElo "2555"]

1.e4 c5 2.Nf3 Nc6 3.Bb5 g6 4.Bxc6 bxc6 5.O-O Bg7 6.Re1 e5 7.c3 Ne7 8.d4 cxd4
9.cxd4 exd4 10.Nxd4 O-O 11.Nc3 d6 12.Bg5 Bb7 13.Qd2 Re8 14.Rad1 Qc7 15.Qf4 Be5
16.Qh4 Bxd4 17.Bxe7 Bxc3 18.Bxd6 Qxd6 19.Rxd6 Bxe1 20.Qf6 Rf8 21.h4 Rae8
22.h5 gxh5 23.Rd3 h4 24.Qg5+ Kh8 25.Qc5 Rg8 26.Re3  1-0

[Event "Tilburg blitz"]
[Site "Tilburg"]
[Date "1994.??.??"]
[Round "1"]
[White "Svidler, Peter"]
[Black "Greenfeld, Alon"]
[Result "0-1"]
[WhiteElo "2550"]
[BlackElo "2600"]

1.e4 c5 2.Nf3 Nc6 3.Bb5 e6 4.O-O Nge7 5.c3 a6 6.Ba4 b5 7.Bc2 Bb7 8.d4 cxd4
9.Nxd4 Ng6 10.Be3 Qc7 11.f4 Rc8 12.Bd3 Bc5 13.Nd2 O-O 14.Kh1 Nce7 15.Qe2 f5
16.exf5 Nh4 17.N2f3 Nexf5 18.Nxf5 Nxf5 19.Bxc5 Qxc5 20.Be4 Bxe4 21.Qxe4 Rf6
22.Nd4 Nxd4 23.cxd4 Qc2 24.Qb7 Qc6 25.Qxc6 Rxc6 26.Rf2 Rf5 27.Kg1 Kf7 28.g3 Ke7
29.Re1 Rd5 30.Rd2 Kd6 31.Kf2 Rc4 32.Ke3 b4 33.b3 Rc3+ 34.Rd3 Rc2 35.Re2 Rc1
36.Rdd2 Rc3+ 37.Rd3 Rc1 38.Rdd2 Ra5 39.Rc2 Rd1 40.Rcd2 Ra1 41.Rc2 Kd5 42.Kd3 d6
43.Rcd2 Ra3 44.Ke3 a5 45.Kf2 a4 46.bxa4 Rxa4 47.Kf3 Rc1 48.Kg4 Rc4 49.Kg5 Rxd4
50.Rc2 Ra7 51.Rc8 Rf7 52.Rh8 Rf5+ 53.Kg4 g5 54.Rf2 gxf4 55.gxf4 Rf7 56.Kg5 Rf5+
57.Kg4 Rf7 58.Kg5 e5 59.f5 Ke4 60.f6 Ke3 61.Rf5 Rd2 62.h4 Rg2+ 63.Kh5 Rxa2
64.Re8 Rf2 65.Rxf2 Kxf2 66.Kg5 Kf3 67.Rb8 e4 68.Rxb4 e3 69.Rf4+ Kg3 70.Re4 Kf2
71.Rf4+ Ke1 72.Rd4 Rd7 73.Kf4 Kf2 74.Rd3 Rf7  0-1

[Event "Timisoara (Women)"]
[Site "Timisoara"]
[Date "1994.??.??"]
[Round "1"]
[White "Peptan, Corina"]
[Black "Skripchenko, Almira"]
[Result "1-0"]
[WhiteElo "2255"]
[BlackElo "2270"]

1.e4 c5 2.Nf3 Nc6 3.Bb5 g6 4.O-O Bg7 5.Re1 e5 6.Bxc6 dxc6 7.d3 Qc7 8.Nbd2 Nf6
9.a3 O-O 10.Nc4 Re8 11.b4 b5 12.Ncd2 Nd7 13.Nb3 cxb4 14.axb4 c5 15.bxc5 Nxc5
16.Nxc5 Qxc5 17.Be3 Qc7 18.c4 b4 19.Qa4 Rd8 20.Qxb4 Rxd3 21.Reb1 a5 22.Qa4 Bd7
23.Qc2 Rxe3 24.fxe3 Qc5 25.Qd3 Bc6 26.h3 a4 27.Nd2 Bf8 28.Rf1 Be7 29.Ra2 Rd8
30.Qe2 Bg5 31.Rf3 Qb4 32.Kh2 Be7 33.Rf1 Bc5 34.Qf2 Qb7 35.Qf6 Qc7 36.Qf3 Rd3
37.Re1 f5 38.Qf1 fxe4 39.Qf6 Bxe3 40.Qe6+ Kg7 41.Rxe3 Rxe3 42.Nf1 Rd3 43.Rf2 Rd8
44.Qf6+ Kg8 45.Qe6+ Kg7 46.Qf6+ Kg8 47.Ne3 Qd6 48.Qf7+ Kh8 49.c5 Bd5 50.cxd6 Bxf7
51.Rxf7 Rxd6 52.Ra7 Rd4 53.Ng4 Kg8 54.Nxe5 e3 55.Nf3 Re4 56.Kg3 g5 57.Ne1 Rf4
58.Nc2 e2 59.Re7 h5 60.Rxe2 h4+ 61.Kh2 g4 62.hxg4 Rxg4 63.Ne1 Kf7 64.Ra2 Rd4
65.Nf3 Rb4 66.Kh3 Ke6 67.Nxh4 Rb3+ 68.Nf3 a3 69.Kg3 Kd5 70.Kf2 Kc5 71.Nd2 Rd3
72.Nb1 Kb4 73.Rxa3 Rd1 74.Ra7  1-0

[Event "Timisoara (Women)"]
[Site "Timisoara"]
[Date "1994.??.??"]
[Round "6"]
[White "Sheremetieva, Marina"]
[Black "Shumiakina, Tatiana"]
[Result "1/2-1/2"]
[WhiteElo "2285"]
[BlackElo "2330"]

1.e4 c5 2.Nf3 Nc6 3.Bb5 e6 4.Bxc6 bxc6 5.d3 Ne7 6.Ng5 f6 7.Nh3 g6 8.f4 Bg7
9.Nd2 d6 10.Nf3 e5 11.fxe5 fxe5 12.Nf2 Ng8 13.c3 Nf6 14.O-O O-O 15.b4 cxb4
16.cxb4 Kh8 17.Qb3 Qe7 18.Be3 Be6 19.Qc2 Qb7 20.Rab1 Rac8 21.Nd2 d5 22.Bc5 Rfe8
23.Nf3 Bg8 24.Qa4 Nd7 25.d4 exd4 26.exd5 Bxd5 27.Bxd4 Nb6 28.Qa3 Nc4 29.Qd3 Bxd4
30.Qxd4+ Qg7 31.Rfc1 Ne3 32.Qxg7+ Kxg7 33.Ne1 Nc4 34.a4 Re2 35.Ned3 Ra2 36.a5 Ne3
37.g3 Nc4 38.Nf4 Nd2  1/2-1/2

[Event "Timisoara (Women)"]
[Site "Timisoara"]
[Date "1994.??.??"]
[Round "8"]
[White "Sheremetieva, Marina"]
[Black "Gaponenko, Inna"]
[Result "1/2-1/2"]
[WhiteElo "2285"]
[BlackElo "2315"]

1.e4 c5 2.Nf3 Nc6 3.Bb5 e6 4.Bxc6 bxc6 5.d3 Ne7 6.Ng5 f6 7.Nh3 d5 8.Nd2 e5
9.O-O g6 10.Qf3 Bg7 11.Qg3 O-O 12.f4 Bxh3 13.Qxh3 f5 14.Nf3 h6 15.Nxe5 dxe4
16.dxe4 Qd4+ 17.Be3 Qxe4 18.c4 h5 19.Bxc5 Bxe5 20.fxe5 Qxe5 21.b4 Rf7 22.Qh4 f4
23.Rae1 Nf5 24.Qxf4 Qg7 25.Re6 a5 26.Qg5 Kh7 27.g4 hxg4 28.Qxg4 axb4 29.Rf2 Rc7
30.h3 Ra3 31.Rg2 Rd7 32.Bxb4 Rad3 33.Bc5 Rd1+ 34.Kh2 R7d2 35.Qxg6+ Qxg6 36.Rxg6 Nh4
37.Rg7+ Kh8 38.Rg8+ Kh7 39.Rg7+  1/2-1/2

[Event "Timisoara"]
[Site "Timisoara"]
[Date "1994.??.??"]
[Round "13"]
[White "Radlovacki, Jovan"]
[Black "Bakic, Rados"]
[Result "0-1"]
[WhiteElo "2345"]
[BlackElo "2435"]

1.e4 c5 2.Nf3 Nc6 3.Bb5 Nf6 4.Qe2 e5 5.O-O Bd6 6.c3 O-O 7.Na3 Re8 8.d3 a6
9.Nc4 Bc7 10.Bxc6 dxc6 11.Bg5 h6 12.Bh4 b5 13.Ncxe5 Bxe5 14.Nxe5 Rxe5 15.f4 Re8
16.Qf3 Qc7 17.Bxf6 gxf6 18.Qh5 Kh7 19.Rf3 Qe7 20.f5 Rg8 21.Rh3 Qf8 22.Rf1 Rg5
23.Qe2 Qd6 24.Qe3 Bd7 25.Rf4 Rh8 26.a3 a5 27.Rfh4 Kg7 28.Qf2 c4 29.d4 c5
30.Rf4 cxd4 31.cxd4 b4 32.axb4 axb4 33.Re3 Kh7 34.e5 Qd5 35.h4 Rgg8 36.Kh2 Bc6
37.g4 Qh1+ 38.Kg3 h5 39.Re1 Qd5 40.exf6 Rxg4+ 41.Rxg4 hxg4 42.Re5 Qd6 43.Qf4 Qxf6
44.d5 Bd7 45.d6 c3 46.bxc3 b3 47.Re7 b2 48.Qe4 Bxf5  0-1

[Event "JUG-ch"]
[Site "Tivat"]
[Date "1994.??.??"]
[Round "5"]
[White "Lazic, Miroljub"]
[Black "Abramovic, Bosko"]
[Result "1/2-1/2"]
[WhiteElo "2505"]
[BlackElo "2500"]

1.e4 c5 2.Nf3 Nc6 3.Bb5 e6 4.Bxc6 bxc6 5.b3 d6 6.Bb2 e5 7.O-O Nf6 8.Re1 Be7
9.c3 Bg4 10.h3 Bh5 11.d3 O-O 12.Nbd2 Nd7 13.Nf1 Re8 14.Ng3 Bg6 15.d4 Bf6
16.Qd2 exd4 17.cxd4 h5 18.Qf4 cxd4 19.Bxd4 c5 20.Bxf6 Qxf6 21.Qxf6 Nxf6 22.e5 dxe5
23.Rxe5 Rxe5 24.Nxe5 Re8 25.Nxg6 fxg6 26.Kf1 Rd8 27.Ke2 Re8+ 28.Kd2 g5 29.Nf1 g4
30.hxg4 Nxg4 31.f3 Nf6 32.Rc1 Re5 33.Ne3 g5 34.Rc4 Kf7 35.Ra4 Re7 36.Ra5 Rc7
37.Ra6 Rd7+ 38.Kc3 g4 39.fxg4 hxg4 40.Ra4 Ke6 41.Nxg4 Nd5+ 42.Kc2 Nb4+ 43.Kc1 Nd3+
44.Kb1 Nb4 45.Nf2 Rd2 46.Ne4 Rxg2 47.Nxc5+ Kd5 48.Rxb4 Kxc5 49.Rb7 a6  1/2-1/2

[Event "Tomo Zupan op"]
[Site "Tomo Zupan"]
[Date "1994.??.??"]
[Round "?"]
[White "Muri, Emil"]
[Black "Kosmac, Blaz"]
[Result "1/2-1/2"]
[WhiteElo "2080"]
[BlackElo "2000"]

1.e4 c5 2.Nf3 Nc6 3.Bb5 d6 4.O-O Nf6 5.Re1 Bg4 6.h3 Bxf3 7.Qxf3 e5 8.c3 Be7
9.Qd1 O-O 10.d3 a6 11.Ba4 b5 12.Bb3 h6 13.Nd2 Re8 14.Nf1 Bf8 15.Ne3 g6 16.Ng4 Nxg4
17.hxg4 Bg7  1/2-1/2

[Event "USA-ch (Women)"]
[Site "?"]
[Date "1994.??.??"]
[Round "3"]
[White "Tverskaya, Julia"]
[Black "Finegold, Gina L"]
[Result "1-0"]
[WhiteElo "2125"]
[BlackElo "2115"]

1.e4 c5 2.Nf3 Nc6 3.Bb5 e6 4.O-O Nge7 5.c3 a6 6.Bxc6 Nxc6 7.d4 d5 8.e5 Be7
9.dxc5 Bxc5 10.Nbd2 O-O 11.Nb3 Ba7 12.Nbd4 Qc7 13.Re1 Bd7 14.Qd3 f6 15.exf6 Rxf6
16.Bg5 Rg6 17.Bh4 Bxd4 18.Nxd4 Rf8 19.Rad1 Qf4 20.Bg3 Qg4 21.Nf3 h5 22.h3 Qf5
23.Qxf5 exf5 24.Rxd5 Be6 25.Rd6 Rff6 26.Bh4  1-0

[Event "Val Thorens Principal"]
[Site "Val Thorens"]
[Date "1994.??.??"]
[Round "3"]
[White "Lupu, Smaranda  B"]
[Black "Zaporojan, Victor"]
[Result "1-0"]
[WhiteElo "2420"]
[BlackElo "2225"]

1.e4 c5 2.Nf3 Nc6 3.Bb5 g6 4.O-O Bg7 5.Re1 Nh6 6.c3 O-O 7.d4 cxd4 8.cxd4 d5
9.exd5 Qxd5 10.Nc3 Qh5 11.d5 Rd8 12.Qe2 Bxc3 13.bxc3 Rxd5 14.c4 Rd8 15.Bxc6 bxc6
16.Qxe7 Be6 17.Bb2 Qf5 18.Nd4 Rxd4 19.Bxd4 Qf4 20.Bc3  1-0

[Event "Val Thorens Principal"]
[Site "Val Thorens"]
[Date "1994.??.??"]
[Round "7"]
[White "Boutroy, Alexis"]
[Black "Lagunes, Jean Renaud"]
[Result "1/2-1/2"]
[WhiteElo "1660"]
[BlackElo "2175"]

1.e4 c5 2.Nf3 Nc6 3.Bb5 g6 4.O-O Bg7 5.c3 e6 6.Re1 Nge7 7.Na3 e5 8.d4 cxd4
9.cxd4 a6 10.Qa4 O-O 11.d5 Na7 12.Bf1 d6 13.Qb3 f5 14.Be3  1/2-1/2

[Event "Val Thorens Principal"]
[Site "Val Thorens"]
[Date "1994.??.??"]
[Round "9"]
[White "Claverie, Christophe"]
[Black "Solonar, Stephan"]
[Result "0-1"]
[WhiteElo "2270"]
[BlackElo "2400"]

1.e4 c5 2.Nf3 Nc6 3.Bb5 g6 4.O-O Bg7 5.Bxc6 bxc6 6.d3 d6 7.Re1 e5 8.Nbd2 Ne7
9.Nc4 O-O 10.a3 f5 11.b4 cxb4 12.axb4 d5 13.exd5 e4 14.d6 Bxa1 15.d4 Bc3
16.Bg5 Bxb4 17.Bxe7 Qe8 18.Nfe5 Bxe1 19.Qxe1 Rb8 20.h4 Rf7 21.Nxf7 Qxf7 22.Qa5 Qe8
23.Qxa7 Rb7 24.Qa8 f4 25.Qa3 f3 26.Ne5 g5 27.gxf3 Qh5 28.fxe4 Qxh4 29.Kg2 Qxe4+
30.Qf3 Bf5 31.Qxe4 Bxe4+ 32.f3 Bf5 33.Bxg5 Rg7 34.Kg3 Rxg5+ 35.Kf4 h6 36.d7 Bxd7
37.Nxd7 Kg7 38.Ne5 Rg2 39.c4 h5 40.Ke3 h4 41.f4 h3 42.Kf3 Rg1  0-1

[Event "Val Thorens Principal"]
[Site "Val Thorens"]
[Date "1994.??.??"]
[Round "9"]
[White "Belkhodja, Slim"]
[Black "Moal, Alain"]
[Result "1-0"]
[WhiteElo "2380"]
[BlackElo "2340"]

1.e4 c5 2.Nf3 Nc6 3.Bb5 e6 4.Bxc6 bxc6 5.O-O Ne7 6.Re1 Ng6 7.c3 Be7 8.d4 O-O
9.dxc5 Bxc5 10.Be3 Be7 11.c4 e5 12.c5 d6 13.cxd6 Bxd6 14.Nbd2 Qe7 15.Qc2 Bd7
16.Rac1 Rfc8 17.Red1 Be6 18.b3 f6 19.g3 Ba3 20.Bc5 Bxc5 21.Qxc5 Kf7 22.Qa5 Qb7
23.Nc4 Bxc4 24.Rxc4 Nf8 25.Rc2 Qb5 26.Qc3 Rab8 27.Rcd2 c5 28.Nh4 g6 29.Qe3 Rb7
30.Qh6 Qa5 31.Ng2 Re8 32.Ne3  1-0

[Event "Balkaniad"]
[Site "Varna"]
[Date "1994.??.??"]
[Round "1"]
[White "Peptan, Corina"]
[Black "Ipek, Nilufer"]
[Result "1-0"]
[WhiteElo "2265"]
[BlackElo "2115"]

1.e4 c5 2.Nf3 Nc6 3.Bb5 g6 4.O-O Bg7 5.c3 e5 6.Bxc6 dxc6 7.d3 Bg4 8.h3 Bxf3
9.Qxf3 Qf6 10.Qg3 Qd6 11.Nd2 b5 12.Nb3 Nf6 13.Be3 Nd7 14.Rad1 O-O 15.f4 a5
16.Qf2 a4 17.fxe5 Bxe5 18.Bxc5 Nxc5 19.Nxc5 a3 20.d4 Bg7 21.b3 Qe7 22.Rfe1 b4
23.c4 Rad8 24.e5 Kh8 25.Qf3 Rxd4 26.Rxd4 Qxc5 27.Qe3 Re8 28.Re4 Qe7 29.Kh1 Qe6
30.Qb6 Bf8 31.Rd1 Be7 32.c5 f5 33.Re2 f4 34.Rf1 Qd5 35.Qxb4 Bxc5 36.Qxf4 Rf8
37.Qc1 Rxf1+ 38.Qxf1 Qd3 39.e6 Be7 40.Rf2 Qxf1+ 41.Rxf1  1-0

[Event "Velden op"]
[Site "Velden"]
[Date "1994.??.??"]
[Round "3"]
[White "Leventic, Ivan"]
[Black "Kozul, Zdenko"]
[Result "0-1"]
[WhiteElo "2425"]
[BlackElo "2575"]

1.e4 c5 2.Nf3 Nc6 3.Bb5 g6 4.O-O Bg7 5.c3 e5 6.d4 exd4 7.e5 Nge7 8.cxd4 cxd4
9.Bf4 O-O 10.Nbd2 Nd5 11.Bg3 Nc7 12.Bc4 d6 13.exd6 Ne8 14.Ne4 Bf5 15.Bd5 Bxe4
16.Bxe4 Nxd6 17.Bxc6 bxc6 18.Nxd4 Qb6 19.Nxc6 Nf5 20.Qa4 Rfe8 21.Rae1 Rxe1
22.Rxe1 Qxb2 23.Qb3 Qd2 24.Rd1 Re8 25.Ne5 Qxd1+ 26.Qxd1 Nxg3 27.Nf3 Ne2+
28.Kf1 Bf6 29.Qd7 Re7 30.Qd6 Kg7 31.g4 g5 32.h4 h6 33.hxg5 hxg5 34.Qc5 Nf4
35.Nd4 Re1+  0-1